AH International Schools' Libraries

Get ready for kindergarten / (Record no. 49247)

MARC details
000 -LEADER
fixed length control field 00288nam a2200109 4500
020 ## - INTERNATIONAL STANDARD BOOK NUMBER
International Standard Book Number 708431212121
245 ## - TITLE STATEMENT
Title Get ready for kindergarten /
260 ## - PUBLICATION, DISTRIBUTION, ETC. (IMPRINT)
Place of publication, distribution, etc US
Name of publisher, distributor, etc Leap Reader
Date of publication, distribution, etc 2013
300 ## - PHYSICAL DESCRIPTION
Extent 25 p.
Other physical details col. ill.
Dimensions 24 cm.
650 ## - SUBJECT ADDED ENTRY--TOPICAL TERM
Topical term or geographic name as entry element Reading, Mathematics, Science
9 (RLIN) 86510
942 ## - ADDED ENTRY ELEMENTS (KOHA)
Source of classification or shelving scheme
Koha item type Book
Holdings
Withdrawn status Lost status Source of classification or shelving scheme Damaged status Not for loan Collection code Home library Current library Shelving location Date acquired Total Checkouts Full call number Barcode Date last seen Price effective from Koha item type Public note
          TEACHERS' RESOURCES Asian Hope Early Years Library Asian Hope Early Years Library Easy Reading 08/12/2025   E GET 208522 08/12/2025 08/12/2025 Book YEAR 1 BOOK

For any Logos Library related questions please contact Miss Art at swongnarasuk@asianhope.org.

For any Asian Hope Library related questions please contact Miss Raza at graza@asianhope.org.

Click here to explore our ebooks!

Powered by Koha